[Event "Titled Tuesday intern op 16th Jan Late"]
[Site "Chess.com INT"]
[Date "2024.01.16"]
[Round "2"]
[White "Della Corte, Alessandro"]
[Black "Lewicki, Miroslaw"]
[Result "0-1"]
[WhiteElo "2212"]
[BlackElo "2321"]
[PlyCount "70"]
[EventDate "2024.01.16"]
[EventType "swiss (blitz)"]
[EventRounds "11"]
[EventCountry "USA"]
[SourceTitle "CB04_2024"]
[SourceDate "2023.10.16"]
[SourceVersion "1"]
[SourceVersionDate "2023.10.16"]
[SourceQuality "1"]

1. d4 c6 2. c4 d5 3. cxd5 cxd5 4. Nf3 g6 5. Nc3 Bg7 6. Bf4 Nf6 7. e3 0-0 8. Be2 Nc6 9. 0-0 b6 10. Rc1 Bb7 11. Ne5 e6 12. Nxc6 Bxc6 13. Be5 Bb7 14. Qd2 Nd7 15. Bxg7 Kxg7 16. Rc2 Qh4 17. g3 Qh3 18. Bf3 Nf6 19. Bg2 Qf5 20. Rfc1 h5 21. Nb5 Ne8 22. Nc7 Nxc7 23. Rxc7 Ba6 24. Qc2 Bd3 25. Qc3 h4 26. Rd1 hxg3 27. hxg3 Ba6 28. e4 dxe4 29. d5+ e5 30. d6 Rad8 31. Qe3 Bd3 32. Rxa7 Rh8 33. f4 Qh5 34. Kf2 Qxd1 35. fxe5 Rh5 0-1

[Event "Rome City op 5th"]
[Site "Rome"]
[Date "2023.12.08"]
[Round "7"]
[White "Della Corte, Alessandro"]
[Black "Vera Gonzalez Quevedo, Reynaldo"]
[Result "0-1"]
[WhiteElo "2195"]
[BlackElo "2365"]
[PlyCount "72"]
[EventDate "2023.12.04"]
[EventType "swiss"]
[EventRounds "9"]
[EventCountry "ITA"]
[SourceTitle "CB50_2023"]
[SourceDate "2023.12.13"]
[SourceVersion "1"]
[SourceVersionDate "2023.12.13"]
[SourceQuality "1"]

1. Nf3 c5 2. g3 Nc6 3. Bg2 g6 4. 0-0 Bg7 5. d3 e5 6. e4 Nge7 7. Nc3 0-0 8. Nd2 f5 9. Nc4 f4 10. Nd6 Nd4 11. f3 Qb6 12. Nxc8 Raxc8 13. g4 g5 14. Rf2 c4 15. dxc4 Rxc4 16. Bf1 Rc6 17. Bd3 Rfc8 18. Kg2 h5 19. Nd5 Nxd5 20. exd5 Rh6 21. c3 hxg4 22. cxd4 e4 23. Bxe4 Bxd4 24. d6 Qxd6 25. fxg4 Bxf2 26. Qxd6 Rxd6 27. Kxf2 Rd1 28. Bxf4 Rxa1 29. Bxg5 Rc5 30. Be3 Rb5 31. Bxa7 d5 32. Bf3 Rxb2+ 33. Kg3 Rb5 34. h4 Rxa2 35. Bb8 Rb3 36. Bd6 Rd2 0-1

[Event "Titled Tuesday intern op 19th Sep Late"]
[Site "Chess.com INT"]
[Date "2023.09.19"]
[Round "1"]
[White "Della Corte, Alessandro"]
[Black "Garakov, Mikhael"]
[Result "1-0"]
[WhiteElo "2184"]
[BlackElo "2447"]
[PlyCount "79"]
[EventDate "2023.09.19"]
[EventType "swiss (blitz)"]
[EventRounds "11"]
[EventCountry "USA"]
[SourceTitle "EXT 2024"]
[Source "ChessBase"]
[SourceDate "2023.10.10"]
[SourceVersion "1"]
[SourceVersionDate "2023.10.10"]
[SourceQuality "1"]

1. d4 c5 2. e3 Nf6 3. Nf3 b6 4. Be2 Bb7 5. 0-0 e6 6. Nbd2 Be7 7. a4 a6 8. c3 0-0 9. Nc4 d6 10. b3 Nbd7 11. Bb2 b5 12. axb5 axb5 13. Ncd2 Qb6 14. Qc2 Bc6 15. h3 Qb7 16. Rfb1 Ne4 17. Rxa8 Rxa8 18. Nxe4 Bxe4 19. Bd3 Bxf3 20. gxf3 f5 21. e4 Rf8 22. Qe2 f4 23. Bxb5 Nf6 24. dxc5 dxc5 25. Bc4 Qb6 26. Ra1 Kh8 27. Ra6 Qd8 28. Rxe6 Nd7 29. Qd2 Nb6 30. Qxd8 Bxd8 31. Kg2 Nxc4 32. bxc4 h6 33. Ba3 Ba5 34. Bxc5 Rc8 35. Bd4 Rxc4 36. Rxh6+ Kg8 37. Rg6 Bxc3 38. Rxg7+ Kf8 39. Bxc3 Rxc3 40. Rg4 1-0

[Event "Titled Tuesday intern op 19th Sep Late"]
[Site "Chess.com INT"]
[Date "2023.09.19"]
[Round "4"]
[White "Ozates, Tuna"]
[Black "Della Corte, Alessandro"]
[Result "1-0"]
[WhiteElo "2309"]
[BlackElo "2184"]
[PlyCount "57"]
[EventDate "2023.09.19"]
[EventType "swiss (blitz)"]
[EventRounds "11"]
[EventCountry "USA"]
[SourceTitle "EXT 2024"]
[Source "ChessBase"]
[SourceDate "2023.10.10"]
[SourceVersion "1"]
[SourceVersionDate "2023.10.10"]
[SourceQuality "1"]

1. e4 c5 2. Nf3 d6 3. c3 Nf6 4. Bd3 Nc6 5. Bc2 Bg4 6. d3 e6 7. Nbd2 Be7 8. h3 Bxf3 9. Nxf3 0-0 10. 0-0 d5 11. exd5 exd5 12. d4 Re8 13. Be3 c4 14. b3 b5 15. bxc4 dxc4 16. Qd2 Nd5 17. Bg5 Bxg5 18. Nxg5 h6 19. Ne4 Qh4 20. Rfe1 a5 21. Nd6 Rxe1+ 22. Rxe1 b4 23. Be4 bxc3 24. Qd1 Rd8 25. Nxf7 Kxf7 26. Bxd5+ Rxd5 27. Qf3+ Kg6 28. Qxd5 Qxd4 29. Qxc6+ 1-0

[Event "Titled Tuesday intern op 12th Sep Early"]
[Site "Chess.com INT"]
[Date "2023.09.12"]
[Round "4"]
[White "Della Corte, Alessandro"]
[Black "Harriott, Tyrell"]
[Result "0-1"]
[WhiteElo "2184"]
[BlackElo "1778"]
[PlyCount "136"]
[EventDate "2023.09.12"]
[EventType "swiss (blitz)"]
[EventRounds "11"]
[EventCountry "USA"]
[SourceTitle "EXT 2024"]
[Source "ChessBase"]
[SourceDate "2023.10.10"]
[SourceVersion "1"]
[SourceVersionDate "2023.10.10"]
[SourceQuality "1"]

1. Nf3 d6 2. g3 Nf6 3. Bg2 Nbd7 4. 0-0 e5 5. d3 Be7 6. e4 0-0 7. Nc3 Re8 8. h3 c6 9. a4 Qc7 10. d4 Nf8 11. Be3 Ng6 12. Qd3 Bd7 13. a5 Qc8 14. Kh2 h6 15. Ng1 Nh7 16. Nge2 Ng5 17. h4 Nh7 18. h5 Ngf8 19. f4 Bg4 20. f5 Bxh5 21. Bh3 Bf6 22. g4 Bxg4 23. Bxg4 Ng5 24. d5 Nd7 25. dxc6 bxc6 26. Qxd6 Rd8 27. Rad1 Qa6 28. Qa3 Rab8 29. Ng3 Qb7 30. b3 Nf8 31. Nh5 Be7 32. Bc5 Bxc5 33. Qxc5 Qc7 34. f6 g6 35. Ng3 h5 36. Bxh5 gxh5 37. Nxh5 Ng6 38. Rg1 Nf3+ 39. Kh1 Nxg1 40. Rxg1 Qd6 41. Qe3 Qd2 42. Qf3 Qh6 43. Ne2 Rd2 44. Neg3 Kf8 45. Nf5 Qh7 46. Rg5 Nf4 47. Kg1 Rbd8 48. Ne7 Rxc2 49. Rg8+ Qxg8+ 50. Nxg8 Rdd2 51. Nxf4 Rc1+ 52. Qf1 Rxf1+ 53. Kxf1 exf4 54. Ne7 Rd6 55. Nf5 Rxf6 56. Nd4 Rd6 57. Nf5 Rd3 58. Ke2 Rxb3 59. e5 f3+ 60. Kf2 Ke8 61. Nd6+ Kd7 62. Ne4 Kc7 63. Ng5 Ra3 64. Nxf7 Kd7 65. Ng5 Ke7 66. Ne4 Rxa5 67. e6 Re5 68. Nc3 Rf5 0-1

[Event "Titled Tuesday intern op 15th Aug Late"]
[Site "Chess.com INT"]
[Date "2023.08.15"]
[Round "2"]
[White "Gamayev, Oleg"]
[Black "Della Corte, Alessandro"]
[Result "1-0"]
[WhiteElo "2160"]
[BlackElo "2184"]
[PlyCount "101"]
[EventDate "2023.08.15"]
[EventType "swiss (blitz)"]
[EventRounds "11"]
[EventCountry "USA"]
[SourceTitle "EXT 2024"]
[Source "ChessBase"]
[SourceDate "2023.10.10"]
[SourceVersion "1"]
[SourceVersionDate "2023.10.10"]
[SourceQuality "1"]

1. d3 d6 2. e4 e5 3. Nf3 Nf6 4. c3 g6 5. Be2 Bg7 6. 0-0 0-0 7. b4 a5 8. Nbd2 axb4 9. cxb4 Nbd7 10. Bb2 h6 11. Qc2 c6 12. Rfc1 Re8 13. Bf1 Nf8 14. h3 Be6 15. a4 N6d7 16. d4 exd4 17. Bxd4 Ne5 18. Nxe5 dxe5 19. Be3 Qe7 20. Bc4 Red8 21. b5 cxb5 22. Bxe6 Nxe6 23. axb5 Rxa1 24. Rxa1 h5 25. Nf3 Nd4 26. Bxd4 exd4 27. Qd3 Qc5 28. Re1 Qc3 29. Rd1 Rc8 30. e5 Qxd3 31. Rxd3 Rc1+ 32. Kh2 Rc5 33. Rxd4 Bxe5+ 34. Nxe5 Rxe5 35. b6 Re6 36. Rb4 Kf8 37. f4 Ke7 38. g4 h4 39. Kg2 Kd7 40. Kf3 Kc6 41. g5 Rd6 42. Kg4 Rd5 43. Kxh4 Rb5 44. Rxb5 Kxb5 45. f5 Kxb6 46. fxg6 fxg6 47. Kg4 Kc6 48. h4 Kd6 49. h5 gxh5+ 50. Kxh5 b5 51. g6 1-0

[Event "Titled Tuesday intern op 06th Jun Late"]
[Site "Chess.com INT"]
[Date "2023.06.06"]
[Round "6"]
[White "Della Corte, Alessandro"]
[Black "Rios Escobar, Adan"]
[Result "1-0"]
[WhiteElo "2160"]
[BlackElo "2234"]
[PlyCount "127"]
[EventDate "2023.06.06"]
[EventType "swiss (blitz)"]
[EventRounds "11"]
[EventCountry "USA"]
[SourceTitle "EXT 2024"]
[Source "ChessBase"]
[SourceDate "2023.10.10"]
[SourceVersion "1"]
[SourceVersionDate "2023.10.10"]
[SourceQuality "1"]

1. d4 Nf6 2. c4 g6 3. Nf3 Bg7 4. Nc3 0-0 5. e4 d6 6. Be2 Na6 7. 0-0 e5 8. Re1 Bg4 9. Be3 c6 10. d5 c5 11. a3 Nh5 12. g3 f5 13. Ng5 Bxe2 14. Qxe2 f4 15. Ne6 Qd7 16. Nxf8 Rxf8 17. Bd2 Qh3 18. Qf1 Qd7 19. Qg2 f3 20. Qf1 Nc7 21. b4 b6 22. bxc5 bxc5 23. Rab1 Ne8 24. Rb3 Rf7 25. Nd1 Bf8 26. Ree3 Nef6 27. Rxf3 Nxe4 28. Rxf7 Qxf7 29. Be3 Be7 30. Qh3 Ng7 31. Rb8+ Bf8 32. g4 h5 33. gxh5 gxh5 34. Qg2 Qf5 35. Bh6 Qg4 36. Qxg4 hxg4 37. Ne3 Nf6 38. Bxg7 Kxg7 39. Nf5+ Kf7 40. Rb7+ Kg6 41. Rxa7 Ne4 42. Ng3 Nd2 43. a4 Nxc4 44. a5 Bh6 45. a6 Nb6 46. Rb7 Na8 47. a7 c4 48. Rb8 Be3 49. Rxa8 Bc5 50. Ne4 Bxa7 51. Rxa7 c3 52. Rc7 Kf5 53. Nxd6+ Kf4 54. Rxc3 g3 55. hxg3+ Kg4 56. Ne4 Kh3 57. d6 Kg4 58. d7 Kf5 59. d8Q Ke6 60. Qd6+ Kf5 61. Rf3+ Kg4 62. Kg2 Kh5 63. Rf5+ Kg4 64. Qg6# 1-0

[Event "Titled Tuesday intern op 23rd May Late"]
[Site "Chess.com INT"]
[Date "2023.05.23"]
[Round "7"]
[White "Balla, Tamas Kristof"]
[Black "Della Corte, Alessandro"]
[Result "1-0"]
[WhiteElo "2303"]
[BlackElo "2160"]
[PlyCount "103"]
[EventDate "2023.05.23"]
[EventType "swiss (blitz)"]
[EventRounds "11"]
[EventCountry "USA"]
[SourceTitle "EXT 2024"]
[Source "ChessBase"]
[SourceDate "2023.10.10"]
[SourceVersion "1"]
[SourceVersionDate "2023.10.10"]
[SourceQuality "1"]

1. f4 f5 2. b3 b6 3. Bb2 Bb7 4. e3 Nf6 5. Nf3 e6 6. g3 Be7 7. Bg2 0-0 8. 0-0 d6 9. Qe2 Nbd7 10. Ng5 Bxg2 11. Qxg2 Nc5 12. b4 h6 13. Nf3 Na4 14. Bc1 Qd7 15. d3 c5 16. a3 a5 17. bxc5 bxc5 18. Nbd2 Rab8 19. Nc4 Qc7 20. Bd2 Rb5 21. Rfb1 Rfb8 22. Qf1 Nd5 23. Qe1 Bf6 24. Rxb5 Rxb5 25. Rb1 Rxb1 26. Qxb1 Bc3 27. e4 fxe4 28. dxe4 Bxd2 29. exd5 Nc3 30. Qf1 exd5 31. Ncxd2 d4 32. Nb1 d5 33. Nxc3 dxc3 34. Qd3 d4 35. Ne5 Qb7 36. h4 h5 37. a4 Qb1+ 38. Kg2 Qe1 39. Qc4+ Kh7 40. Qd3+ Kg8 41. Nf3 Qe6 42. Ng5 Qe1 43. Qh7+ Kf8 44. Qh8+ Ke7 45. Qxg7+ Kd6 46. Qg6+ Kd5 47. Qf7+ Kc6 48. Qg6+ Kb7 49. Qe4+ Qxe4+ 50. Nxe4 d3 51. Nxc3 dxc2 52. Ne2 1-0

[Event "Titled Tuesday intern op 23rd May Late"]
[Site "Chess.com INT"]
[Date "2023.05.23"]
[Round "3"]
[White "Della Corte, Alessandro"]
[Black "Kim, Sergey2222"]
[Result "0-1"]
[WhiteElo "2160"]
[BlackElo "2295"]
[PlyCount "62"]
[EventDate "2023.05.23"]
[EventType "swiss (blitz)"]
[EventRounds "11"]
[EventCountry "USA"]
[SourceTitle "EXT 2024"]
[Source "ChessBase"]
[SourceDate "2023.10.10"]
[SourceVersion "1"]
[SourceVersionDate "2023.10.10"]
[SourceQuality "1"]

1. d4 Nf6 2. c4 g6 3. Nc3 Bg7 4. e4 d6 5. Nf3 0-0 6. Be2 e5 7. 0-0 exd4 8. Nxd4 Re8 9. f3 Nbd7 10. Be3 c6 11. Qd2 a5 12. Rad1 a4 13. Rfe1 Qa5 14. Bf1 Nc5 15. Bf2 Nfd7 16. Kh1 Ne5 17. h3 h6 18. f4 Ned7 19. g4 Nf8 20. Bg2 Qb4 21. Qe2 a3 22. e5 axb2 23. Ne4 Nxe4 24. Bxe4 dxe5 25. Nc2 Qa5 26. f5 g5 27. Rb1 Nd7 28. Rxb2 Nc5 29. Bxc5 Qxc5 30. Ne3 Qd4 31. Rf1 Qxe4+ 0-1

[Event "Titled Tuesday intern op 23rd May Late"]
[Site "Chess.com INT"]
[Date "2023.05.23"]
[Round "4"]
[White "Dmitriev, Sergey"]
[Black "Della Corte, Alessandro"]
[Result "0-1"]
[WhiteElo "2312"]
[BlackElo "2160"]
[PlyCount "98"]
[EventDate "2023.05.23"]
[EventType "swiss (blitz)"]
[EventRounds "11"]
[EventCountry "USA"]
[SourceTitle "EXT 2024"]
[Source "ChessBase"]
[SourceDate "2023.10.10"]
[SourceVersion "1"]
[SourceVersionDate "2023.10.10"]
[SourceQuality "1"]

1. d4 d5 2. Bf4 Nf6 3. Nf3 c5 4. e3 Nc6 5. c3 Qb6 6. Qb3 c4 7. Qxb6 axb6 8. Be2 b5 9. Nbd2 Bf5 10. 0-0 b4 11. Ne5 bxc3 12. bxc3 e6 13. a4 Nxe5 14. Bxe5 Be7 15. f3 Kd7 16. g4 Bg6 17. h4 Bc2 18. g5 Nh5 19. f4 f6 20. Bxh5 fxe5 21. fxe5 Rhf8 22. Nb1 Rxf1+ 23. Kxf1 Rxa4 24. Rxa4 Bxa4 25. Ke1 Bc2 26. Nd2 b5 27. Bd1 Bd3 28. Be2 Bc2 29. Bd1 Bf5 30. Nf3 b4 31. cxb4 Bxb4+ 32. Ke2 Bd3+ 33. Kf2 Be4 34. Ne1 Be7 35. Bc2 Bxc2 36. Nxc2 h6 37. gxh6 Bxh4+ 38. Kf3 gxh6 39. Kg4 Be7 40. Kh5 Bf8 41. Kg6 c3 42. Kh5 Ke8 43. Kg4 Kf7 44. Kf3 Kg6 45. Kg4 h5+ 46. Kh4 Be7+ 47. Kh3 Kf5 48. Kg3 Ke4 49. Nb4 Bxb4 0-1

[Event "Titled Tuesday intern op 25th Apr Early"]
[Site "Chess.com INT"]
[Date "2023.04.25"]
[Round "5"]
[White "Della Corte, Alessandro"]
[Black "Necula, Iulian"]
[Result "1-0"]
[WhiteElo "2160"]
[BlackElo "1851"]
[PlyCount "115"]
[EventDate "2023.04.25"]
[EventType "swiss (blitz)"]
[EventRounds "11"]
[EventCountry "USA"]
[SourceTitle "EXT 2024"]
[Source "ChessBase"]
[SourceDate "2023.10.10"]
[SourceVersion "1"]
[SourceVersionDate "2023.10.10"]
[SourceQuality "1"]

1. d4 d6 2. c4 e5 3. dxe5 dxe5 4. Qxd8+ Kxd8 5. Nc3 c6 6. Nf3 f6 7. e3 Be6 8. Be2 Nd7 9. 0-0 Nh6 10. Rd1 Kc7 11. b3 a5 12. Bb2 Be7 13. Rac1 Nf5 14. Nd5+ Kd8 15. Nxe7 Kxe7 16. Nd2 Kf7 17. Ne4 h5 18. Rd2 a4 19. Rcd1 axb3 20. axb3 Ke7 21. Bc3 b6 22. Nd6 Nxd6 23. Rxd6 Rac8 24. Bf3 c5 25. R6d2 Rc7 26. Kf1 g6 27. Be4 f5 28. Bd5 Bxd5 29. Rxd5 Ra8 30. Bxe5 Nxe5 31. Rxe5+ Kf7 32. f4 Ra3 33. Rd6 Rxb3 34. Kf2 Rb4 35. Ree6 Rxc4 36. Rxg6 b5 37. Rdf6+ Ke7 38. Rxf5 b4 39. Rxh5 Kd7 40. Rh7+ Kc8 41. Rg8+ Kb7 42. Rhh8 Rc2+ 43. Kf3 c4 44. Rb8+ Kc6 45. Rxb4 c3 46. h4 Rc1 47. h5 Kc5 48. Rb3 Kc4 49. Ra3 Kd3 50. h6 Rf1+ 51. Kg4 Kd2 52. h7 Rh1 53. Rd8+ Kc2 54. h8Q Rxh8 55. Rxh8 Kb2 56. Rxc3 Kxc3 57. Rd8 Rg7+ 58. Kf3 1-0

[Event "Titled Tuesday intern op 25th Apr Early"]
[Site "Chess.com INT"]
[Date "2023.04.25"]
[Round "7"]
[White "Tarnowska, Aleksandra"]
[Black "Della Corte, Alessandro"]
[Result "1-0"]
[WhiteElo "1835"]
[BlackElo "2160"]
[PlyCount "50"]
[EventDate "2023.04.25"]
[EventType "swiss (blitz)"]
[EventRounds "11"]
[EventCountry "USA"]
[SourceTitle "EXT 2024"]
[Source "ChessBase"]
[SourceDate "2023.10.10"]
[SourceVersion "1"]
[SourceVersionDate "2023.10.10"]
[SourceQuality "1"]

1. e4 e5 2. Nf3 Nf6 3. Nxe5 d6 4. Nf3 Nxe4 5. c3 Be7 6. Qa4+ Nc6 7. Qxe4 0-0 8. Be2 Re8 9. Qc2 Bf6 10. d4 Qe7 11. Be3 g6 12. 0-0 Bf5 13. Qd2 a6 14. Na3 b5 15. Nc2 Bg7 16. Nce1 Qf8 17. Nd3 Re7 18. Rfe1 Rae8 19. Nf4 Bh6 20. Nd5 Rxe3 21. fxe3 Be4 22. Nf6+ Kg7 23. Nxe8+ Qxe8 24. Bd3 Bxf3 25. gxf3 Qe7 1-0

[Event "Titled Tuesday intern op 31st Jan Late"]
[Site "Chess.com INT"]
[Date "2023.01.31"]
[Round "3"]
[White "Fajdetic, Hrvoje"]
[Black "Della Corte, Alessandro"]
[Result "1-0"]
[WhiteElo "2151"]
[BlackElo "2160"]
[PlyCount "49"]
[EventDate "2023.01.31"]
[EventType "swiss (blitz)"]
[EventRounds "11"]
[EventCountry "USA"]
[SourceTitle "CBM 212 Extra"]
[Source "ChessBase"]
[SourceDate "2023.03.31"]
[SourceVersion "1"]
[SourceVersionDate "2023.03.31"]
[SourceQuality "1"]

1. f4 f5 2. b3 b6 3. Bb2 Bb7 4. e3 Nf6 5. Nf3 e6 6. Be2 Be7 7. 0-0 0-0 8. a4 a6 9. d3 d6 10. Na3 Qe8 11. Nc4 Nbd7 12. Qe1 Bd8 13. Bd1 Qg6 14. Qg3 Qxg3 15. hxg3 Ng4 16. Re1 h6 17. e4 fxe4 18. dxe4 Bf6 19. Nd4 Rae8 20. Bxg4 Nc5 21. e5 dxe5 22. Nxe5 Ne4 23. Bxe6+ Kh7 24. Bf5+ Kg8 25. Bxe4 1-0

[Event "Titled Tuesday intern op 27th Dec Late"]
[Site "Chess.com INT"]
[Date "2022.12.27"]
[Round "9"]
[White "Della Corte, Alessandro"]
[Black "Finkelstein, Alan"]
[Result "1-0"]
[WhiteElo "2160"]
[BlackElo "2152"]
[PlyCount "57"]
[EventDate "2022.12.27"]
[EventType "swiss (blitz)"]
[EventRounds "11"]
[EventCountry "USA"]
[SourceTitle "EXT 2024"]
[Source "ChessBase"]
[SourceDate "2023.10.10"]
[SourceVersion "1"]
[SourceVersionDate "2023.10.10"]
[SourceQuality "1"]

1. d4 d5 2. Nf3 Nf6 3. c4 c6 4. Nc3 dxc4 5. b3 cxb3 6. Qxb3 e6 7. e4 Be7 8. Bd3 0-0 9. 0-0 c5 10. e5 Nd5 11. Nxd5 exd5 12. dxc5 Nc6 13. Bb2 Bg4 14. Nd4 Nxe5 15. Rfe1 Nxd3 16. Qxd3 Bxc5 17. Qg3 h5 18. h3 Qb6 19. Nb3 Bd6 20. Qc3 f6 21. hxg4 hxg4 22. Rad1 g3 23. Qd4 gxf2+ 24. Kxf2 Rfd8 25. Qxb6 axb6 26. Bd4 Rxa2+ 27. Rd2 Ra3 28. Rb1 Rc8 29. Bxb6 1-0

[Event "Titled Tuesday intern op 27th Dec Late"]
[Site "Chess.com INT"]
[Date "2022.12.27"]
[Round "7"]
[White "Della Corte, Alessandro"]
[Black "Moral Garcia, Serafin"]
[Result "0-1"]
[WhiteElo "2160"]
[BlackElo "2219"]
[PlyCount "60"]
[EventDate "2022.12.27"]
[EventType "swiss (blitz)"]
[EventRounds "11"]
[EventCountry "USA"]
[SourceTitle "EXT 2024"]
[Source "ChessBase"]
[SourceDate "2023.10.10"]
[SourceVersion "1"]
[SourceVersionDate "2023.10.10"]
[SourceQuality "1"]

1. d4 Nf6 2. c4 g6 3. Nf3 Bg7 4. Nc3 d5 5. cxd5 Nxd5 6. Bd2 0-0 7. Rc1 Nc6 8. e3 Nb6 9. Bb5 e5 10. Bxc6 exd4 11. Nxd4 bxc6 12. 0-0 c5 13. Nb3 c4 14. Na5 Qg5 15. Ne4 Qd5 16. Qc2 Bf5 17. f3 Rfe8 18. Nxc4 Nxc4 19. Qxc4 Bxe4 20. fxe4 Qxd2 21. Qxf7+ Kh8 22. Rxc7 Rg8 23. h4 Qxe3+ 24. Kh2 Qxe4 25. Rf4 Qe5 26. Re7 Qxb2 27. h5 Raf8 28. hxg6 Rxf7 29. gxf7 Rf8 30. Re8 Qe5 0-1

[Event "Bisaccia op 3rd"]
[Site "Bisaccia"]
[Date "2011.06.05"]
[Round "6"]
[White "Stromboli, Carlo"]
[Black "Della Corte, Alessandro"]
[Result "1/2-1/2"]
[WhiteElo "2306"]
[BlackElo "2253"]
[PlyCount "112"]
[EventDate "2011.06.08"]
[EventType "swiss"]
[EventRounds "7"]
[EventCountry "ITA"]
[SourceTitle "EXT 2014"]
[Source "ChessBase"]
[SourceDate "2013.11.20"]
[SourceVersion "1"]
[SourceVersionDate "2013.11.20"]
[SourceQuality "1"]

1. e4 c5 2. Nf3 d6 3. d4 cxd4 4. Nxd4 Nf6 5. Nc3 g6 6. Be3 Bg7 7. f3 0-0 8. Qd2 Nc6 9. Bc4 Bd7 10. 0-0-0 Rc8 11. Bb3 Ne5 12. h4 h5 13. Bg5 Rc5 14. f4 Nc4 15. Qd3 b5 16. e5 Ng4 17. exd6 Nxd6 18. Qxg6 Nc4 19. Qxh5 Nf2 20. Bxc4 Rxc4 21. Ndxb5 Nxh1 22. Qe2 Rc8 23. Nd5 Ng3 24. Nxe7+ Kh8 25. Qf3 Qa5 26. Rxd7 Bxb2+ 27. Kxb2 Qxb5+ 28. Kc1 Ne2+ 29. Kd2 Qxd7+ 30. Ke1 Nxf4 31. Bf6+ Kh7 32. Qe4+ Ng6 33. h5 Qe6 34. Qxe6 fxe6 35. hxg6+ Kh6 36. g7 Rfe8 37. Nxc8 Rxc8 38. Kd2 Kg6 39. Bd4 Kf7 40. Kd3 Rd8 41. Ke4 Rc8 42. c3 a6 43. a3 Rc4 44. Kd3 Ra4 45. c4 Rxa3+ 46. Kc2 Rg3 47. c5 Rxg2+ 48. Kb3 Rg4 49. c6 Ke7 50. c7 Kd7 51. Be5 a5 52. Ka3 a4 53. Ka2 Rg2+ 54. Ka3 Rg4 55. Ka2 Rg2+ 56. Ka3 Rg3+ 1/2-1/2

[Event "Bisaccia op 3rd"]
[Site "Bisaccia"]
[Date "2011.06.03"]
[Round "3"]
[White "Laketic, Gojko"]
[Black "Della Corte, Alessandro"]
[Result "1-0"]
[WhiteElo "2442"]
[BlackElo "2253"]
[PlyCount "79"]
[EventDate "2011.06.08"]
[EventType "swiss"]
[EventRounds "7"]
[EventCountry "ITA"]
[SourceTitle "EXT 2014"]
[Source "ChessBase"]
[SourceDate "2013.11.20"]
[SourceVersion "1"]
[SourceVersionDate "2013.11.20"]
[SourceQuality "1"]

1. d4 d5 2. c4 c6 3. Nf3 Nf6 4. Qc2 dxc4 5. Qxc4 Bf5 6. Nc3 Nbd7 7. g3 e6 8. Bg2 Be7 9. 0-0 0-0 10. Re1 Ne4 11. Qb3 Qb6 12. Nh4 Bxh4 13. gxh4 Ndf6 14. Nxe4 Bxe4 15. Qxb6 axb6 16. f3 Bd5 17. a3 Rfd8 18. e4 Bc4 19. Be3 Ne8 20. Rac1 Bb5 21. Rc3 Kf8 22. Ra1 h6 23. b3 Ba6 24. Kf2 Ke7 25. Rcc1 Nd6 26. a4 b5 27. Bd2 bxa4 28. bxa4 Ke8 29. Bc3 f6 30. Rd1 Kf7 31. Bb4 g5 32. hxg5 hxg5 33. h4 gxh4 34. Rh1 Nc4 35. Rxh4 Rxd4 36. Rh7+ Kg6 37. Rah1 Ne5 38. R7h6+ Kg5 39. Be7 Ng6 40. Kg3 1-0

[Event "Napoli Estate al Vomero op 5th"]
[Site "Napoli"]
[Date "2011.05.19"]
[Round "3"]
[White "Rosato, Luciano"]
[Black "Della Corte, Alessandro"]
[Result "1/2-1/2"]
[WhiteElo "2272"]
[BlackElo "2253"]
[PlyCount "38"]
[EventDate "2011.05.08"]
[EventType "swiss"]
[EventRounds "7"]
[EventCountry "ITA"]
[SourceTitle "EXT 2018"]
[Source "ChessBase"]
[SourceDate "2017.10.13"]
[SourceVersion "1"]
[SourceVersionDate "2017.10.13"]
[SourceQuality "1"]

1. d4 d5 2. e3 Nf6 3. Bd3 Nc6 4. f4 Nb4 5. Nf3 Nxd3+ 6. cxd3 Bg4 7. Nbd2 e6 8. Qb3 Bxf3 9. Nxf3 Qc8 10. Bd2 Be7 11. Bb4 Bxb4+ 12. Qxb4 c6 13. Ke2 Qc7 14. Rhc1 Qe7 15. Qxe7+ Kxe7 16. b4 Rhc8 17. Kd2 Ne8 18. g4 Nd6 19. Rf1 a5 1/2-1/2

[Event "Napoli Estate al Vomero op 5th"]
[Site "Napoli"]
[Date "2011.05.12"]
[Round "2"]
[White "Della Corte, Alessandro"]
[Black "Caiazzo, Diego"]
[Result "1-0"]
[WhiteElo "2253"]
[BlackElo "1854"]
[PlyCount "57"]
[EventDate "2011.05.08"]
[EventType "swiss"]
[EventRounds "7"]
[EventCountry "ITA"]
[SourceTitle "EXT 2018"]
[Source "ChessBase"]
[SourceDate "2017.10.13"]
[SourceVersion "1"]
[SourceVersionDate "2017.10.13"]
[SourceQuality "1"]

1. d4 e6 2. c4 Nf6 3. Nc3 d5 4. Bg5 Be7 5. e3 0-0 6. Nf3 h6 7. Bxf6 Bxf6 8. Rc1 c6 9. Bd3 Nd7 10. 0-0 Re8 11. e4 dxc4 12. Bxc4 Nb6 13. Bb3 Bd7 14. Qe2 Bg5 15. Rcd1 Qe7 16. g3 h5 17. e5 Bh6 18. Ne4 Nd5 19. Nh4 Nf4 20. Qc2 Nh3+ 21. Kh1 Ng5 22. Nd6 Reb8 23. f4 Nh7 24. Qe2 g6 25. f5 gxf5 26. Qxh5 Qf8 27. Nhxf5 exf5 28. Nxf7 Be3 29. Ng5+ 1-0

[Event "ITA-chTB 43rd"]
[Site "Sant'Anastasia"]
[Date "2011.03.27"]
[Round "6"]
[White "Corvi, Marco"]
[Black "Della Corte, Alessandro"]
[Result "1/2-1/2"]
[WhiteElo "2268"]
[BlackElo "2261"]
[PlyCount "59"]
[EventDate "2011.03.25"]
[EventType "swiss"]
[EventRounds "7"]
[EventCountry "ITA"]
[SourceTitle "EXT 2014"]
[Source "ChessBase"]
[SourceDate "2013.11.20"]
[SourceVersion "1"]
[SourceVersionDate "2013.11.20"]
[SourceQuality "1"]

1. c4 g6 2. Nc3 Bg7 3. Nf3 d6 4. g3 Nf6 5. Bg2 0-0 6. 0-0 e5 7. d3 Nh5 8. d4 Nd7 9. dxe5 dxe5 10. Bg5 Nhf6 11. Ne4 h6 12. Nxf6+ Nxf6 13. Be3 Qe7 14. h3 Re8 15. Qb3 c6 16. a4 a5 17. Rac1 Bf8 18. Rfd1 Qb4 19. Qa2 Nd7 20. Ne1 Nc5 21. Nd3 Nxd3 22. exd3 Kh7 23. Bd2 Qb6 24. Be3 Bc5 25. Bxc5 Qxc5 26. Qa3 Qd4 27. Re1 Bf5 28. Re3 Rad8 29. Rc3 Kg7 30. Kh2 1/2-1/2

[Event "Napoli Vomero Septembre 7th"]
[Site "Napoli"]
[Date "2010.10.22"]
[Round "7"]
[White "Della Corte, Alessandro"]
[Black "Cosenza, Gianni"]
[Result "1-0"]
[WhiteElo "2261"]
[BlackElo "1925"]
[PlyCount "53"]
[EventDate "2010.09.10"]
[EventType "swiss"]
[EventRounds "7"]
[EventCountry "ITA"]
[SourceTitle "EXT 2024"]
[Source "ChessBase"]
[SourceDate "2023.10.10"]
[SourceVersion "1"]
[SourceVersionDate "2023.10.10"]
[SourceQuality "1"]

1. Nf3 d5 2. g3 g6 3. Bg2 Bg7 4. 0-0 e5 5. d3 Ne7 6. e4 dxe4 7. dxe4 Qxd1 8. Rxd1 0-0 9. a4 h6 10. Na3 Na6 11. Nc4 Nc6 12. Be3 Be6 13. Bf1 f5 14. c3 f4 15. gxf4 exf4 16. Bd4 Nxd4 17. cxd4 Nb4 18. Rdc1 Bg4 19. Nfe5 Bh5 20. Bh3 c6 21. Nd7 Rfd8 22. e5 g5 23. Bf5 Nd5 24. Nd6 Nb6 25. Nc5 Rxd6 26. exd6 Bxd4 27. a5 1-0